Biomaterials (Record no. 591599)

000 -LEADER
fixed length control field 00400nam a22001337a 4500
020 ## - INTERNATIONAL STANDARD BOOK NUMBER
International Standard Book Number 9788131727423
040 ## - CATALOGING SOURCE
Transcribing agency NUST
082 ## - DEWEY DECIMAL CLASSIFICATION NUMBER
Classification number 610.284
Author Mark TEN
100 ## - MAIN ENTRY--PERSONAL NAME
Personal name Temenoff , J.S. & Mikos,A.G.
9 (RLIN) 64207
245 ## - TITLE STATEMENT
Title Biomaterials
Remainder of title the intersection of biology and materials science
Statement of responsibility, etc. J. S. Temenoff & A.G. Mikos
260 ## - PUBLICATION, DISTRIBUTION, ETC.
Place of publication, distribution, etc. Delhi,
Name of publisher, distributor, etc. Pearson,
Date of publication, distribution, etc. 2009.
300 ## - PHYSICAL DESCRIPTION
Extent xxiv,478p ;
Other physical details 25cm.
942 ## - ADDED ENTRY ELEMENTS (KOHA)
Source of classification or shelving scheme
Koha item type Book
Holdings
Withdrawn status Lost status Source of classification or shelving scheme Damaged status Not for loan Permanent Location Current Location Shelving location Date acquired Total Checkouts Full call number Barcode Date last seen Date last checked out Price effective from Koha item type
          School of Mechanical & Manufacturing Engineering (SMME) School of Mechanical & Manufacturing Engineering (SMME) Book Bank 10/10/2022 1 610.284 TEN SMME-BB665 01/18/2023 10/10/2022 10/10/2022 Book
© 2023 Central Library, National University of Sciences and Technology. All Rights Reserved.